000 01153cad a22002295a 4500
001 E149939
008 100518s2010 xxk f s000 0 eng d
020 _a9781406163704
035 _a(Sirsi) u149939
041 0 _aeng
110 2 _aScotland
_bScottish Government
_95344
245 0 0 _aHistoric Environment (Amendment) (Scotland) Bill
_b(as introduced)
_h[electronic resource]
260 _a[Edinburgh]
_bScottish Parliamentary Corporate Body
_c2010
490 0 _aSP Bill
_v(43)
520 _aA Bill introduced on 4 May 2010, which harmonises elements of the Ancient Monuments and Archaeological Areas Act 1979 and the Planning (Listed Buildings and Conservation Areas) (Scotland) Act 1997 and aligns aspects of the historic environment legislation with the planning regime.
590 _aKA
650 2 4 _aHISTORIC ENVIRONMENT (AMENDMENT) (SCOTLAND) BILL 2010
651 4 _aScotland
_y1999-
690 _aBUILT ENVIRONMENT-BUILDING TYPES-ANCIENT MONUMENTS AND HISTORIC BUILDINGS
856 4 0 _uhttps://www.scottish.parliament.uk/s3/bills/43-HistoricEnvironment/index.htm
_zView the Bill free of charge at www.scottish.parliament.uk
942 _n0
999 _c110680
_d110680